000 00913nam a22002417a 4500
008 090205t xxu||||| |||| 00| 0 eng d
010 _aENG-92870
020 _c180.00
_a8189846051
035 _aEN-76403
037 _bDBAD / PUB
040 _adpl
_bEnglish
082 _a363.34
100 _aChakraborty, Satyesh C.
245 _aNatural hazards and disaster management /
_cby Satyesh C. Chakraborty
260 _aKolkata
_bPragatishil Prokashak
_c2007
270 _a37A, College Street
_bKolkata
_e700073
300 _a190p.
_c20cm (pbk)
500 _aIncludes bibliographical references
650 _aEmergency management
650 _aNatural disasters
_vmanagement
942 _2ddc
_cEN
_mCHA
_h363.34
999 _c23081
_d23081